00209nam a2200085Ia 4500008004100000041000800041100001600049245003800065260002000103230508s1998 xx 000 0 und d aeng aPHADKE SHAH aETHIHASCAHRY V.K.RAJAWADE KHAND 9 bRSM DHULEc1998